Národní hospodářství

Guardado en:
Detalles Bibliográficos
Autor principal: Engliš, Karel
Formato: Libro
Lenguaje:checo
Publicado: Praha ORBIS 1946
Etiquetas: Agregar Etiqueta
Sin Etiquetas, Sea el primero en etiquetar este registro!

MARC

LEADER 00000nam a2200000 4500
001 c115129
005 20041019155200.5
041 0 |a cze 
044 |a CZ 
245 1 0 |a Národní hospodářství  |c Karel Engliš 
264 1 |a Praha  |b ORBIS  |c 1946 
300 |a 313 s. 
100 1 |a Engliš, Karel